Return to Sender Lyrics Quiz - Statistics

General Stats
  • This quiz has been taken 17 times
  • The average score is 126 of 140
Answer Stats
Answer % Correct
a
100%
address
100%
And
100%
and
100%
but
100%
D
100%
He
100%
her
100%
his
100%
I
100%
letter
100%
Return
100%
sender
100%
sender,
100%
the
100%
to
100%
unknown
100%
back
90%
brought
90%
came
90%
gave
90%
hand
90%
I'll
90%
in
90%
it
90%
It
90%
me
90%
my
90%
No
90%
no
90%
number,
90%
person,
90%
postman
90%
put
90%
right
90%
sack
90%
So
90%
such
90%
then
90%
We
90%
coming
80%
day
80%
early
80%
had
80%
if
80%
I'm
80%
keeps
80%
lover's
80%
mailbox
80%
morning
80%
myself
80%
next
80%
quarrel,
80%
sent
80%
sorry,
80%
spat
80%
special
80%
understand
80%
very
80%
zone
80%
comes
70%
gonna
70%
take
70%
This
70%
write
70%
time
60%
Bright
50%
dropped
40%
No matching quizzes found
Score Distribution
Percent of People with Each Score
Percentile by Number Answered
Your Score History
You have not taken this quiz